Country Names With Four or Fewer Letters (May Be Repeated) - Statistics

General Stats
  • This quiz has been taken 72 times
  • The average score is 20 of 26
Answer Stats
Answer % Correct
Fiji
93%
Iran
93%
Iraq
93%
Peru
90%
Canada
88%
Togo
88%
Japan
87%
Oman
85%
Chad
83%
Laos
83%
India
80%
Mali
80%
Greece
78%
Haiti
72%
Malta
72%
Cuba
70%
Ghana
70%
Nauru
70%
Yemen
70%
Palau
68%
Qatar
68%
Benin
65%
Samoa
63%
Morocco
62%
Panama
62%
Kosovo
53%
No matching quizzes found
Score Distribution
Percent of People with Each Score
Percentile by Number Answered
Your Score History
You have not taken this quiz